| 000 | 00318 a2200133 4500 | ||
|---|---|---|---|
| 999 |
_c325478 _d325478 |
||
| 001 | 90405 | ||
| 003 | NUST | ||
| 082 | _a891.4393 ASI | ||
| 100 |
_a Muhammad Asim Butt _99192 |
||
| 245 |
_aDaira _hUrdu |
||
| 260 |
_aLahore _bSang-e-Meel Publications _c2014 |
||
| 300 | _a254p. | ||
| 500 | _aGeneral Books | ||
| 942 |
_aCAE NUST _cBK _k891.4393 ASI _2ddc |
||